Crecimiento económico y desigualdad social en México: una visión esquemática /

Guardat en:
Dades bibliogràfiques
Autor principal: González Salazar, Gloria
Format: Text
Matèries:
Etiquetes: Afegir etiqueta
Sense etiquetes, Sigues el primer a etiquetar aquest registre!

MARC

LEADER 00000 a a2200000 04500
001 44166
003
040
100 |a González Salazar, Gloria  
245 |a Crecimiento económico y desigualdad social en México:   |b una visión esquemática /  |c Gloria Gonzalez Salazar  
650 |a CLASES SOCIALES  
650 |a MEXICO  
650 |a DESIGUALDAD SOCIAL  
650 |a CRECIMIENTO ECONOMICO  
773 |g volumen33, número3 (1971), Páginas 541-562  
999 |c 21552  |d 21552